000 00768nam a22002537a 4500
001 BR2010005697
003 BR-BrBNA
005 20230928103604.0
007 ta
008 230509b bl.||||| |||| 00| 0 por d
040 _aBR-BrBNA
_bpor
_cBiblioteca Nacional de Agricultura
041 _a(Por)
072 _aF01
_b1300
090 _ 1300 BR2010005697
110 1 _aSociedade de Olericultura do Brasil, Botucatu, SP (Brasil)
_99870
111 1 _a39. Congresso Brasileiro de Olericultura
_cTubarão, SC (Brazil)
_d18-23 Jul 1999
245 1 _aA olericultura no Mercosul
260 3 _aTubarão, SC (Brasil):
_c1999.
500 _aSummary only
650 _aPRODUÇÃO VEGETAL
650 _aOLERICULTURA
909 _a202309
_bLucia
_c55
_dLucia Elande
942 _cBK
999 _c75724
_d75724